Normal view
MARC view
- سعيد، عبد السلام لفته
Entry Personal Name
001 - CONTROL NUMBER
- control field: 61752
003 - CONTROL NUMBER IDENTIFIER
- control field: JO-AjAnu
005 - DATE AND TIME OF LATEST TRANSACTION
- control field: 20230606084104.0
008 - FIXED-LENGTH DATA ELEMENTS
- fixed length control field: 230606|| aca||aabn | a|a d
040 ## - CATALOGING SOURCE
- Original cataloging agency: JO-AjAnu
- Transcribing agency: JO-AjAnu
100 ## - HEADING--PERSONAL NAME
- Personal name: سعيد، عبد السلام لفته
670 ## - SOURCE DATA FOUND
- Source citation: Work cat.: (JO-AjAnu)31497: سعيد، عبد السلام لفته , author, إدارة المصارف وخصوصية العمل المصرفي